A big day for Brum. (Record no. 111106)
[ view plain ]
| 000 -LEADER | |
|---|---|
| fixed length control field | 00309nam a2200121 a 4500 |
| 005 - DATE AND TIME OF LATEST TRANSACTION | |
| control field | 20140414131909.0 |
| 008 - FIXED-LENGTH DATA ELEMENTS--GENERAL INFORMATION | |
| fixed length control field | 101006s19uu xx 00 eng d |
| 050 ## - LIBRARY OF CONGRESS CALL NUMBER | |
| Classification number | ER |
| Item number | B48 1993 |
| 100 ## - MAIN ENTRY--PERSONAL NAME | |
| Personal name | Hickle, Victoria |
| 245 ## - TITLE STATEMENT | |
| Title | A big day for Brum. |
| 260 ## - PUBLICATION, DISTRIBUTION, ETC. (IMPRINT) | |
| Place of publication, distribution, etc | New York : |
| Name of publisher, distributor, etc | Random House, |
| Date of publication, distribution, etc | 1993. |
| Withdrawn status | Lost status | Damaged status | Home library | Current library | Shelving location | Date acquired | Total Checkouts | Full call number | Barcode | Date last seen | Price effective from | Koha item type |
|---|---|---|---|---|---|---|---|---|---|---|---|---|
| Munich Library | Munich Library | Easy Reading Section | 10/06/2010 | ER B48 1993 | M1674 | 04/14/2014 | 04/14/2014 | Books |